000 00320 a2200145 4500
001 181550
020 _a
040 _cMagnum
100 _aRegina, Tia.
240 1 0 _aSapucaia-oroca - o urutau
_lpor
245 1 0 _aSapucaia-oroca - o urutau
362 0 _a1899
697 _aMAGNITO: IJ/LENDAS, FOLCLORE
942 _cBK
999 _c181550
_d181550